Topografická mineralogie Čech. VI, S-T

Uložené v:
Podrobná bibliografia
Hlavný autor: Kratochvíl, Josef, 1878-1958 (Author)
Médium: Kniha
Jazyk:Czech
Vydané: Praha : Československá akademie věd, 1963.
Vydanie:2. vyd.
ISBN: (viaz.)
Fyzický popis: 439 s.
Tagy: Pridať tag
Žiadne tagy, Buďte prvý kto otaguje tento záznam!

MARC

LEADER 00000nam a2200000 a 4500
001 000166607
005 20100918085905.0
008 050329s1963 xr u cze d
020 |a (viaz.)  |c Kčs 33,50 
040 |a SVKKK  |b slo  |c SVKKK  |e AACR2 
041 0 |a cze 
044 |a xr  |c CZ 
100 1 |a Kratochvíl, Josef,  |d 1878-1958  |4 aut 
245 1 0 |a Topografická mineralogie Čech.  |n VI, S-T  |c Josef Kratochvíl. 
246 3 0 |a S-T 
250 |a 2. vyd. 
260 |a Praha :  |b Československá akademie věd,  |c 1963. 
300 |a 439 s. 
910 |a svkkk 
998 |a BK 
090 |g SCKHL  |k Sklad Pribinova 1. posch.  |a IV.29171  |j 320153  |i 166607-10  |s Absenčne